000 00653nam a2200265Ia 4500
005 20260121161355.0
008 008 260114s9999 xx 000 0 eng d
020 _a9780203728178
037 _aEBOOK
040 _aCRL
040 _beng
040 _cCRL
041 _2eng
041 _aeng
084 _qCRL
100 _aCognitive Skills and Their Acquisition
_91043752
245 0 _aJohn R. Anderson
260 _bTaylor and Francis
260 _c1981
650 _aPsychological Science
_91043753
856 _uhttp://www.taylorfrancis.com/books/9780203728178
942 _cEBOOK
999 _c1610281
_d1610281